[Event "Elitserien2015_2016"]
[Site "Vegagatan 20, Gothenburg, Sweden"]
[Date "2016.02.28"]
[Round "2.7"]
[White "Peñalver, Osmani"]
[Black "Åkesson, Joel"]
[Result "1/2-1/2"]
[BlackElo "2293"]
[WhiteElo "2251"]
[WhiteTeam "Limhamns SK"]
[BlackTeam "SS Manhem"]
[LiveChessVersion "1.4.7"]

1. d4 {[%clk 1:30:52]} e6 {[%clk 1:30:54]} 2. c4 {[%clk 1:31:02]} Nf6
{[%clk 1:31:19]} 3. Nc3 {[%clk 1:31:18]} Bb4 {[%clk 1:31:42]} 4. f3
{[%clk 1:30:26]} O-O {[%clk 1:28:49]} 5. e4 {[%clk 1:27:32]} d5 {[%clk 1:27:12]}
6. cxd5 {[%clk 1:27:14]} exd5 {[%clk 1:26:08]} 7. e5 {[%clk 1:27:36]} Nfd7
{[%clk 1:25:07]} 8. f4 {[%clk 1:27:13]} c5 {[%clk 1:23:31]} 9. Nf3
{[%clk 1:23:51]} cxd4 {[%clk 1:19:09]} 10. Qxd4 {[%clk 1:19:07]} Nc6
{[%clk 1:16:09]} 11. Qxd5 {[%clk 1:18:14]} Ndxe5 {[%clk 1:13:12]} 12. Qxd8
{[%clk 1:12:29]} Nxf3+ {[%clk 1:13:15]} 13. gxf3 {[%clk 1:12:53]} Rxd8
{[%clk 1:12:27]} 14. Be3 {[%clk 1:13:14]} Bf5 {[%clk 1:06:22]} 15. Kf2
{[%clk 0:53:43]} Rac8 {[%clk 0:43:55]} 16. Be2 {[%clk 0:40:54]} Nd4
{[%clk 0:39:41]} 17. Rad1 {[%clk 0:38:20]} Nxe2 {[%clk 0:26:54]} 18. Rxd8+
{[%clk 0:38:20]} Rxd8 19. Nxe2 Be7 {[%clk 0:26:54]} 20. Rc1 {[%clk 0:30:54]} Bh4+
{[%clk 0:20:30]} 21. Ng3 {[%clk 0:30:53]} Be6 {[%clk 0:19:39]} 22. Rc7
{[%clk 0:26:30]} a6 {[%clk 0:14:08]} 23. b3 {[%clk 0:24:16]} Rc8 {[%clk 0:10:27]}
24. Bb6 {[%clk 0:22:54]} Rxc7 {[%clk 0:09:50]} 25. Bxc7 {[%clk 0:23:23]} Bf5
{[%clk 0:07:51]} 26. Ke3 {[%clk 0:22:36]} Bb1 {[%clk 0:07:04]} 27. Kd2
{[%clk 0:20:45]} Bxg3 {[%clk 0:03:41]} 28. hxg3 {[%clk 0:21:04]} h5
{[%clk 0:03:56]} 29. a4 {[%clk 0:21:03]} f6 {[%clk 0:03:46]} 30. Kc3
{[%clk 0:20:32]} Kf7 {[%clk 0:03:57]} 31. Kc4 {[%clk 0:20:46]} Bc2
{[%clk 0:04:05]} 32. a5 {[%clk 0:20:48]} Bd1 {[%clk 0:04:23]} 33. b4
{[%clk 0:20:09]} Bxf3 {[%clk 0:04:46]} 34. Kd4 {[%clk 0:20:25]} Ke6
{[%clk 0:04:13]} 35. Ke3 {[%clk 0:20:32]} Bc6 {[%clk 0:04:19]} 36. Kf2
{[%clk 0:20:41]} Kf5 {[%clk 0:03:22]} 37. Bd6 {[%clk 0:20:25]} Kg4
{[%clk 0:03:04]} 38. Bc7 {[%clk 0:20:27]} g5 {[%clk 0:02:24]} 39. fxg5
{[%clk 0:20:55]} fxg5 {[%clk 0:02:48]} 40. Bd6 {[%clk 0:21:17]} h4
{[%clk 0:03:09]} 41. gxh4 {[%clk 0:21:43]} gxh4 {[%clk 0:03:33]} 42. Kg1
{[%clk 0:21:37]} Kf3 {[%clk 0:03:45]} 43. Kh2 {[%clk 0:22:01]} Bd7 1/2-1/2

[Event "Allsvenskan 2015/2016, division 1 västra"]
[Site "Vegagatan 20, Gothenburg, Sweden"]
[Date "2016.02.28"]
[Round "6"]
[White "Enström, Henrik"]
[Black "Berggren Torell, Harald"]
[Result "1-0"]
[BlackElo "2171"]
[WhiteElo "2178"]
[WhiteTeam "Majornas SS"]
[BlackTeam "SS Manhem II"]
[LiveChessVersion "1.4.7"]

1. d4 {[%clk 1:29:06]} Nf6 {[%clk 1:30:53]} 2. c4 {[%clk 1:29:20]} c5
{[%clk 1:31:20]} 3. d5 {[%clk 1:29:30]} e6 {[%clk 1:31:47]} 4. Nc3
{[%clk 1:29:39]} exd5 {[%clk 1:32:14]} 5. cxd5 {[%clk 1:29:39]} d6
{[%clk 1:32:11]} 6. e4 {[%clk 1:29:19]} g6 {[%clk 1:32:30]} 7. Bf4
{[%clk 1:27:21]} Nbd7 {[%clk 1:25:57]} 8. Nf3 {[%clk 1:25:09]} a6
{[%clk 1:25:53]} 9. a4 {[%clk 1:24:12]} Qe7 {[%clk 1:20:24]} 10. Bd3
{[%clk 1:19:38]} Bg7 {[%clk 1:19:39]} 11. O-O {[%clk 1:18:01]} O-O
{[%clk 1:15:46]} 12. Nd2 {[%clk 1:07:12]} Nh5 {[%clk 1:06:02]} 13. Be3
{[%clk 1:04:34]} Ne5 {[%clk 1:02:39]} 14. Be2 {[%clk 1:01:06]} Qh4
{[%clk 0:59:58]} 15. f4 {[%clk 0:50:07]} Ng4 {[%clk 0:53:52]} 16. Bxg4
{[%clk 0:49:20]} Bxg4 {[%clk 0:47:46]} 17. Qb3 {[%clk 0:41:48]} Bd4
{[%clk 0:18:30]} 18. Nc4 {[%clk 0:41:36]} b5 {[%clk 0:16:26]} 19. axb5
{[%clk 0:40:28]} axb5 {[%clk 0:16:55]} 20. Rxa8 {[%clk 0:30:51]} Rxa8
{[%clk 0:14:47]} 21. Qxb5 {[%clk 0:19:26]} Bxc3 {[%clk 0:11:51]} 22. bxc3
{[%clk 0:13:49]} Be2 {[%clk 0:11:05]} 23. Rb1 {[%clk 0:10:00]} Rd8
{[%clk 0:07:19]} 24. Qa4 {[%clk 0:06:43]} Nxf4 {[%clk 0:07:10]} 25. Nxd6
{[%clk 0:05:50]} Rxd6 {[%clk 0:04:23]} 26. Qe8+ {[%clk 0:06:03]} Kg7
{[%clk 0:04:43]} 27. Bxc5 {[%clk 0:01:33]} Qg5 {[%clk 0:01:33]} 28. g3
{[%clk 0:01:33]} Nh3+ {[%clk 0:01:48]} 29. Kg2 {[%clk 0:01:53]} Bf3+
{[%clk 0:01:54]} 30. Kxf3 {[%clk 0:01:28]} Qd2 {[%clk 0:00:49]} 31. Qe5+
{[%clk 0:01:13]} Rf6+ {[%clk 0:01:11]} 32. Kg4 {[%clk 0:01:02]} Nf2+
{[%clk 0:00:41]} 33. Bxf2 {[%clk 0:01:29]} Qxf2 {[%clk 0:00:50]} 34. Kh3
{[%clk 0:01:45]} Qd2 {[%clk 0:00:40]} 35. Rf1 {[%clk 0:01:52]} Qh6+
{[%clk 0:00:51]} 36. Kg2 {[%clk 0:02:19]} Qd2+ {[%clk 0:01:06]} 37. Kh1
{[%clk 0:02:40]} 1-0